[Event "Titled Tuesday intern op 16th Apr Late"]
[Site "Chess.com INT"]
[Date "2024.04.16"]
[Round "1"]
[White "Halynyazow, Vepaly"]
[Black "Domingo Nunez, Ruben"]
[Result "0-1"]
[WhiteElo "2052"]
[BlackElo "2442"]
[PlyCount "74"]
[EventDate "2024.04.16"]
[EventType "swiss (blitz)"]
[EventRounds "11"]
[EventCountry "USA"]
[SourceTitle "CB17_2024"]
[SourceDate "2024.04.24"]
[SourceVersion "1"]
[SourceVersionDate "2024.04.24"]
[SourceQuality "1"]

1. d4 g6 2. Nf3 Bg7 3. Bf4 d6 4. e3 Nf6 5. Be2 0-0 6. h3 Nbd7 7. 0-0 b6 8. c4 Bb7 9. Nc3 Ne4 10. Rc1 e5 11. Bh2 Nxc3 12. Rxc3 Qe7 13. Re1 f5 14. b4 a5 15. b5 Rae8 16. Rc1 g5 17. Bg3 h6 18. Bf1 f4 19. exf4 gxf4 20. Bh2 e4 21. Nd2 Bxd4 22. Nxe4 Be5 23. f3 Qg7 24. Bd3 Bd4+ 25. Kh1 Ne5 26. Bb1 Be3 27. Rc3 Nxf3 28. Qxf3 Bxe4 29. Bxe4 Qxc3 30. Qg4+ Kh8 31. Rxe3 fxe3 32. Qh5 Rf1+ 33. Bg1 Rxg1+ 34. Kxg1 Qa1+ 35. Kh2 Qe5+ 36. Qxe5+ Rxe5 37. Bf3 e2 0-1

[Event "Titled Tuesday intern op 16th Apr Late"]
[Site "Chess.com INT"]
[Date "2024.04.16"]
[Round "4"]
[White "Halynyazow, Vepaly"]
[Black "Palencia Morales, Wilson Guillermo"]
[Result "0-1"]
[WhiteElo "2052"]
[BlackElo "2188"]
[PlyCount "62"]
[EventDate "2024.04.16"]
[EventType "swiss (blitz)"]
[EventRounds "11"]
[EventCountry "USA"]
[SourceTitle "CB17_2024"]
[SourceDate "2024.04.24"]
[SourceVersion "1"]
[SourceVersionDate "2024.04.24"]
[SourceQuality "1"]

1. d4 Nf6 2. Nf3 c5 3. d5 g6 4. c4 Bg7 5. Nc3 d6 6. e4 0-0 7. Bd3 e6 8. 0-0 exd5 9. cxd5 a6 10. a4 Bg4 11. h3 Bxf3 12. Qxf3 Nbd7 13. Bf4 Qe7 14. Qg3 Ne8 15. Rae1 Ne5 16. Bxe5 Bxe5 17. f4 Bd4+ 18. Kh1 Bf6 19. e5 Bh4 20. exd6 Qxe1 21. Qxe1 Bxe1 22. Rxe1 Nxd6 23. Re7 c4 24. Be2 b5 25. axb5 axb5 26. Bf3 b4 27. Ne4 Nxe4 28. Rxe4 Rac8 29. d6 Rfd8 30. Rd4 c3 31. bxc3 bxc3 0-1

[Event "Titled Tuesday intern op 16th Apr Late"]
[Site "Chess.com INT"]
[Date "2024.04.16"]
[Round "2"]
[White "Olhovik, Andrei"]
[Black "Halynyazow, Vepaly"]
[Result "1-0"]
[WhiteElo "2283"]
[BlackElo "2052"]
[PlyCount "91"]
[EventDate "2024.04.16"]
[EventType "swiss (blitz)"]
[EventRounds "11"]
[EventCountry "USA"]
[SourceTitle "CB17_2024"]
[SourceDate "2024.04.24"]
[SourceVersion "1"]
[SourceVersionDate "2024.04.24"]
[SourceQuality "1"]

1. d4 d5 2. c4 e6 3. Nc3 Nf6 4. cxd5 exd5 5. Bg5 Be7 6. e3 0-0 7. Bd3 c6 8. Nge2 Nbd7 9. Qc2 Re8 10. 0-0 Nf8 11. f3 g6 12. Rae1 Ne6 13. Bh4 Ng7 14. Kh1 Nf5 15. Bf2 Bb4 16. Nc1 Bd7 17. a3 Bf8 18. e4 Ng7 19. e5 Nfh5 20. N1e2 Ne6 21. g3 c5 22. dxc5 Bxc5 23. f4 Bc6 24. Kg1 Rc8 25. Bxc5 Nxc5 26. Nd4 Ne6 27. Qf2 Qb6 28. Nf3 d4 29. Ne4 Nhxf4 30. gxf4 Nxf4 31. Nf6+ Kf8 32. Qd2 Nxd3 33. Qxd3 Re7 34. Nxh7+ Kg7 35. Nfg5 Qxb2 36. Rf2 Qc3 37. Qf1 Bd5 38. e6 Bc4 39. Rxf7+ Kh6 40. Qf2 Rxf7 41. exf7 Kg7 42. Qf6+ Kh6 43. f8Q+ Rxf8 44. Qxf8+ Kh5 45. Qf3+ Qxf3 46. Nxf3 1-0

[Event "Titled Tuesday intern op 16th Apr Late"]
[Site "Chess.com INT"]
[Date "2024.04.16"]
[Round "8"]
[White "Rohwer, Paul"]
[Black "Halynyazow, Vepaly"]
[Result "0-1"]
[WhiteElo "2225"]
[BlackElo "2052"]
[PlyCount "62"]
[EventDate "2024.04.16"]
[EventType "swiss (blitz)"]
[EventRounds "11"]
[EventCountry "USA"]
[SourceTitle "CB17_2024"]
[SourceDate "2024.04.24"]
[SourceVersion "1"]
[SourceVersionDate "2024.04.24"]
[SourceQuality "1"]

1. e4 c5 2. Be2 d6 3. f4 Nc6 4. Nf3 g6 5. 0-0 Bg7 6. c3 e6 7. d3 Nge7 8. Qe1 0-0 9. Nbd2 d5 10. e5 f6 11. exf6 Rxf6 12. g3 h6 13. Rf2 Kh7 14. Bf1 b6 15. Bg2 Bb7 16. Nf1 Qd6 17. Ne3 Raf8 18. Ng4 Rf5 19. Re2 Bc8 20. Bd2 Nd8 21. Nge5 Nec6 22. d4 Ba6 23. Re3 g5 24. fxg5 cxd4 25. cxd4 Nxd4 26. Nxd4 Rxe5 27. Qb1+ Kh8 28. Qg6 Rxg5 29. Rxe6 Rxg6 30. Rxd6 Bxd4+ 31. Kh1 Rxd6 0-1

[Event "World ol U16"]
[Site "Corum"]
[Date "2019.11.04"]
[Round "8.13"]
[White "Veljanoski, Andrej"]
[Black "Halynyazow, Vepaly"]
[Result "1-0"]
[WhiteElo "1936"]
[BlackElo "1903"]
[PlyCount "111"]
[EventDate "2019.10.29"]
[EventType "team-swiss"]
[EventRounds "9"]
[EventCountry "TUR"]
[SourceTitle "CBM 192 Extra"]
[Source "Chessbase"]
[SourceDate "2019.11.06"]
[SourceVersion "1"]
[SourceVersionDate "2019.11.06"]
[SourceQuality "1"]
[WhiteTeam "Macedonia"]
[BlackTeam "Turkmenistan"]
[WhiteTeamCountry "MKD"]
[BlackTeamCountry "TKM"]

1. e4 c5 2. Nf3 Nc6 3. d4 cxd4 4. Nxd4 Nf6 5. Nc3 g6 6. Nxc6 bxc6 7. e5 Ng8 8. Bc4 Bg7 9. Qf3 e6 10. Bf4 Nh6 11. Ne4 0-0 12. 0-0 Nf5 13. Bg5 Qb6 14. Nf6+ Bxf6 15. Bxf6 d5 16. exd6 Nxd6 17. Qf4 e5 18. Qc1 Bb7 19. Bd3 e4 20. Be2 Rfe8 21. Qf4 c5 22. Bg4 Nf5 23. Be5 Ng7 24. Rad1 Bc8 25. Rd6 Qc7 26. Bxc8 Raxc8 27. Qf6 Rxe5 28. Qxe5 Nf5 29. Rd5 Qc6 30. Rfd1 Nd4 31. Rd6 Qa4 32. Qxe4 Re8 33. Qd3 Qa5 34. c3 Qc7 35. Ra6 Ne2+ 36. Kh1 Nf4 37. Qd6 Qb7 38. Qc6 Qxc6 39. Rxc6 Re2 40. h3 Rxf2 41. Rxc5 Rxb2 42. Rf1 Ne2 43. Rf3 f5 44. Rc7 f4 45. Rd3 Rb8 46. Kh2 Ng3 47. c4 h5 48. Rd1 g5 49. c5 g4 50. c6 Ne4 51. Rb7 g3+ 52. Kg1 Rf8 53. c7 f3 54. gxf3 Ng5 55. Rd8 Nxf3+ 56. Kh1 1-0